<?xml version="1.0" encoding="UTF-8"?>
<record
    xmlns:xsi="http://www.w3.org/2001/XMLSchema-instance"
    xsi:schemaLocation="http://www.loc.gov/MARC21/slim http://www.loc.gov/standards/marcxml/schema/MARC21slim.xsd"
    xmlns="http://www.loc.gov/MARC21/slim">

  <leader>00667nam a22001577a 4500</leader>
  <datafield tag="999" ind1=" " ind2=" ">
    <subfield code="c">173445</subfield>
    <subfield code="d">173445</subfield>
  </datafield>
  <controlfield tag="005">20200225133437.0</controlfield>
  <datafield tag="010" ind1=" " ind2=" ">
    <subfield code="a">B-168984</subfield>
  </datafield>
  <datafield tag="020" ind1=" " ind2=" ">
    <subfield code="a">8170004438</subfield>
    <subfield code="c">650.00</subfield>
  </datafield>
  <datafield tag="035" ind1=" " ind2=" ">
    <subfield code="a">B-168984</subfield>
  </datafield>
  <datafield tag="100" ind1=" " ind2=" ">
    <subfield code="a">&#x938;&#x940;. &#x932;&#x93E;&#x932; </subfield>
  </datafield>
  <datafield tag="245" ind1=" " ind2=" ">
    <subfield code="a">&#x92F;&#x942;&#x91C;&#x940;&#x938;&#x940; (&#x928;&#x948;&#x91F;) &#x92A;&#x930;&#x940;&#x915;&#x94D;&#x937;&#x93E; &#x917;&#x93E;&#x907;&#x921; </subfield>
    <subfield code="b">&#x92A;&#x94D;&#x930;&#x936;&#x94D;&#x928;-&#x92A;&#x924;&#x94D;&#x930; : &#x92A;&#x94D;&#x930;&#x925;&#x92E; (&#x935;&#x938;&#x94D;&#x924;&#x941;&#x928;&#x93F;&#x937;&#x94D;&#x920; &#x92A;&#x94D;&#x930;&#x936;&#x94D;&#x928; )</subfield>
    <subfield code="c">&#x938;&#x940;. &#x932;&#x93E;&#x932; </subfield>
  </datafield>
  <datafield tag="260" ind1=" " ind2=" ">
    <subfield code="a">New Delhi</subfield>
    <subfield code="b">Ess Ess Publications</subfield>
    <subfield code="c">2006</subfield>
  </datafield>
  <datafield tag="270" ind1=" " ind2=" ">
    <subfield code="a">4873/24, Ansari Road, Darya Ganj, </subfield>
    <subfield code="b">New Delhi</subfield>
    <subfield code="e">110002</subfield>
    <subfield code="k">011-23260807</subfield>
    <subfield code="l">011-5156334</subfield>
    <subfield code="m">info@essessreference.com</subfield>
  </datafield>
  <datafield tag="300" ind1=" " ind2=" ">
    <subfield code="a">407p.</subfield>
    <subfield code="c">22cm.</subfield>
  </datafield>
  <datafield tag="942" ind1=" " ind2=" ">
    <subfield code="2">ddc</subfield>
    <subfield code="c">HN</subfield>
    <subfield code="k">000</subfield>
    <subfield code="m">&#x932;&#x93E;&#x932;,&#x938;&#x940;.</subfield>
  </datafield>
  <datafield tag="952" ind1=" " ind2=" ">
    <subfield code="0">0</subfield>
    <subfield code="1">0</subfield>
    <subfield code="4">0</subfield>
    <subfield code="7">0</subfield>
    <subfield code="8">NFIC</subfield>
    <subfield code="a">KGM</subfield>
    <subfield code="b">KGM</subfield>
    <subfield code="d">2020-02-25</subfield>
    <subfield code="g">650.00</subfield>
    <subfield code="l">0</subfield>
    <subfield code="o">&#x932;&#x93E;&#x932;,&#x938;&#x940;.</subfield>
    <subfield code="p">B-168984</subfield>
    <subfield code="r">2020-02-25 00:00:00</subfield>
    <subfield code="t">1</subfield>
    <subfield code="v">650.00</subfield>
    <subfield code="w">2020-02-25</subfield>
    <subfield code="y">HN</subfield>
  </datafield>
</record>
